| 000 | 00478nam a2200157Ia 4500 | ||
|---|---|---|---|
| 008 | 210716s2005 xx 000 0 und d | ||
| 020 | _a9788131505410 | ||
| 041 | _aeng | ||
| 082 | _a658.7 WISJ | ||
| 100 | _aWisner, Joel D; Leong, G Keong; Tam, Keah Choon. | ||
| 245 |
_aPrinciples of supply chain management: a balanced approach. _bA balanced approach. |
||
| 250 | _a1 | ||
| 260 |
_aNew Delhi _bCengage Learning India Pvt Ltd _c2005 |
||
| 300 | _axxii,504 | ||
| 650 | _aNone | ||
| 999 |
_c203784 _d203784 |
||